00463 2200193 4500001002100000008004100021035002000062245002900082100001900111250000600130260004900136300001200185084001400197082000800211650001400219990001200233990001200245990001200257INLIS000000000000476 ind  a0010-0424000452 aKamus TIKcEko Sujatmiko aSujatmiko, Eko a1 aYogyakarta :bPT. Aksara Sinergi Mediac2017 a392 hlm a603 Eko k a603 aReferensi a0728532 a0728533 a0728534